[Event "Hart House Reading Week"]
[Site "Toronto"]
[Date "2025.02.15"]
[Round "1"]
[White "Plotkin, Mark"]
[Black "Singh Dhaliwal, Jaipreet"]
[Result "0-1"]
[Annotator "John Upper"]
[WhiteElo "2474"]
[BlackElo "2240"]
[WhiteFideId "-1"]
[BlackFideId "2647699"]
[PlyCount "132"]
[Beauty "6049482410020"]
[GameId "2235863827128944"]
[EventDate "2025.02.15"]
[EventType "swiss"]
[EventRounds "6"]
[EventCountry "CAN"]
[SourceTitle "Chess Canada 25"]
[Source "JohnUpper?CFC"]
[SourceDate "2025.06.29"]
[SourceVersion "1"]
[SourceVersionDate "2026.07.01"]
[SourceQuality "1"]

1. e4 c5 2. Nf3 d6 3. d4 cxd4 4. Nxd4 Nf6 5. Nc3 a6 6. Bc4 {[#] The Fischer-Sozin attack. Not nearly as popular as when Fischer was winning with it 60 years ago, but attacking players like Short and Topalov had success with it creating wild games against Kasparov 30 years ago, and it is still trotted out regularly by top players in an attempt to find something/anything against the Najdorf.} e6 7. O-O (7. Bb3 {is by far the most common move, when Black has a variety of moves that score well: ...b5, ...bd7, ...c6, ...e7; here's a recent example from two of the world's best-prepared GMs:}) (7. Bb3 b5 8. a3 Be7 9. Qf3 {threatening e5} Qc7 {so Black can counter e5 with ...b7.} 10. Qg3 Nc6 11. Nxc6 Qxc6 12. O-O Nh5 13. Qd3 Nf6 $11 {1/2 Praggnanandhaa,R (2758)-Giri,A (2760) Tata Steel-A 88th Wijk aan Zee 2026 (5)}) 7... Qc7 8. Bb3 {[#]Critical Position ...e7 or ...bd7?} Nbd7 $6 {This is bad, but even with best play from White it is not a clear cut loss; and given how complex the play is after the sac on e6, it might even be a worthwhile gamble for players on the Black side!?} ({By far the most common move is 8...e7; e.g.} 8... Be7 9. Be3 O-O 10. f4 {1-0 Mutyalapati,M (2174)-Blakely,M (2079) Scarborough CC Winter Swiss Toronto CAN 2025 (7.5) see:}) 9. Bxe6 $1 {The obvious try, and the only move that Stockfish 18 says gives White a plus. Remarkably, it gets played only about 20% of the time, with GMs and IMs regularly opting for f2-f4 or g5 instead!? From a practical point of view that might be a sensible choice -- avoiding diving head-first into a high-risk game of "find-the-only-move" -- especially if you're worried the opponent has reviewed his prep more recently than you. OTOH, isn't this cut-and-thrust exactly what White wants when opting for both an Open Sicilian _and_ the Sozin Attack?} fxe6 10. Nxe6 {[#]} Qb8 $1 {The  has to defend c7 and every other move leaves it more exposed, allowing White tactics and accelerated development by attacking it.} (10... Qa5 $2 11. Nd5 $18 {or d2 with a winning initiative.}) (10... Qc4 $6 11. Nd5 $8 Nxd5 12. exd5 Kf7 $1 13. b3 $8 {Analysis Diagram [#]} (13. Qf3+ $4 Nf6 $19) 13... Qc3 (13... Qh4 14. Bg5 Qe4 (14... Qb4 15. Qf3+) 15. Re1 Qg6 16. Re3 $18) 14. Be3 $8 Nf6 15. Bd4 $8 Qa5 16. Bxf6 $1 Bxe6 (16... gxf6 17. Qh5+ Kg8 18. Qg4+ Kf7 19. Rae1 $18 Qxd5 $2 20. Nd8# {Pretty and memorable, with four black pieces still on their starting squares.}) 17. dxe6+ $8 Kxf6 18. Qf3+ $2 ({White has played astonishingly accurately, especially considering this is was a blitz game, but now goes wrong.} 18. Re1 $142 $1 $18) 18... Qf5 $8 19. Qxb7 Be7 $8 $15 {1-0 Kraiouchkine,N (2218)-Bach,N (2231) Titled Tuesday intern op 12th Dec Early Chess.com INT blitz 2023 (10)}) 11. Nd5 Nxd5 12. exd5 $14 {[#]} Nf6 ({A GM played this:} 12... Ne5 $2 13. f4 $8 Bxe6 $1 (13... Nc4 14. Qh5+ g6 15. Qe2 $18 {and the loose c4, or b3 and f5 are among White's crushing threats.}) 14. fxe5 Bf7 15. e6 Bg6 {Analysis Diagram [#] The two players in this game were a GM as Black and an improving young IM who got his GM title the next year. This was long time-control game and both are strong players, but they both make serious mistakes around here, and later in the all-major piece section of the game. My guess is that they had both used so much time between moves 10-20 that they have enough to play 20-30 at nearly their full strength. I mention that because it shows how non-automatic are the positions after this early middlegame sac, and explains why there are so many notes here.} 16. Bg5 $2 {Is attacking easier than defending? g5 is the first candidate move anyone would consider: it finishes developing, it prevents queenside castling, and it make e6-e7 a tactical threat; what could be wrong with that? In fact, it actually reduces White's advantage.} (16. Be3 $142 {Threatens to entomb Black's queenside with b6, stops a7+ to enable d4 or d4 with a bind on both sides, and prepares c2-c4-c5 which would give White two central passers, and (unlike g5) it keeps the DSB on the board which will help create a winning attack if Black ever castles long.}) 16... Be7 $2 (16... Qc7 $142 $13 {Not to take on c2 -- which collapses after d1-moves and taking the c-file -- but to prepare ...e7, and if xe7 xe7 Black can safely castle long.}) 17. Bxe7 Kxe7 18. Kh1 $1 (18. Qd4 $4 Qa7 $8 $19) 18... Qc7 19. Qd4 $1 Kd8 (19... Ke8 {hopes for ...f8} 20. e7 $1 $18 {no ...f8 for you!}) 20. Rf3 $1 $18 Rc8 21. Raf1 $1 Qe7 {Analysis Diagram [#] White has a crushing bind that SF18 rates at +4.5, but soon both players make terrible blunders that swing the eval wildly.} 22. Rf7 $4 {White rushes again, but improving moves and pressure were much better, and more than enough.} (22. c4 $142 {saves the c-pawn and prepares c4-c5.} Rc7 23. h3 {makes the back rank safe so White can attack with both s... What can Black do?}) 22... Bxf7 23. Rxf7 Qg5 $8 {White's back rank leaves him no time for b6xd6.} 24. h4 Qg3 $8 $11 {Saving the  and defending d6 and tying the white  to perpetual threats with e1-h4.} 25. Rd7+ (25. Rxg7 Qe1+ 26. Kh2 Rc7 $11 (26... Qe5+ $11)) 25... Ke8 26. Rxb7 {Threatens a4+ then e7+ and promoting with a discovered check.} Rc5 $4 {Analysis Diagram [#]  Critical Position} (26... Rxc2 $4 27. Qa4+ $8 {#3}) (26... Kf8 $8 $11) 27. Rb3 $4 (27. Rb8+ $2 {wins a , but Black's threats and newly released  save the game:} Ke7 28. Rxh8 Rxc2 $8 $11 {White has options here, but it is essential to correctly judge this long forcing line:} 29. Qa7+ Kf6 30. Qf7+ Ke5 31. Qh5+ Kd4 $8 32. Qd1+ Ke5 $8 33. Qxc2 Qe1+ 34. Kh2 Qxh4+ $11) (27. Qa4+ $8 $18 {only move that wins.} Rb5 {stops mate, but loses to the pretty} (27... Kf8 $2 28. Rf7+ {and e8#.}) 28. Rb8+ $8 $18 Ke7 29. Rxh8 Qe1+ 30. Kh2 Qe5+ 31. Kh3 $8 $18) 27... Qe1+ $8 28. Kh2 Rb5 $1 {Suddenly, both sides are playing perfectly!} (28... Rxd5 $2 29. Qf4 $1 (29. Qxd5 $2 Qxh4+ $11) 29... Qe5 {Saves the  but loses the endgame.} 30. Rb8+ $8 {First, so Black won't have ...d5-d8!} Ke7 31. Qxe5 dxe5 32. Rxh8 $16 e4 $5 33. g4 $8 $18 {White's  stops the e-pawn and his  will create at least one outside passer.}) 29. Rg3 Rb4 $8 $11 (29... Rb7 30. Qa4+ $18) 30. c4 Rb7 $8 31. c5 Rb4 $1 {Again! Preventing a4+.} 32. Qxg7 $8 Rxh4+ $8 33. Rh3 $8 Rxh3+ $8 34. Kxh3 $8 Qh1+ $8 35. Kg3 $8 Qe1+ $8 36. Kh3 {1/2 Lin,C (2468)-Gabuzyan,H (2578) Albena op-A 23rd 2015 (8)}) 13. Re1 Bxe6 $8 {[#]} 14. Rxe6+ $6 (14. Bg5 $142 Be7 15. Rxe6 Rf8 $8 (15... Kf7 $4 16. Qe2 $1 Bd8 17. Re1 $1 {is Golizadeh-Dao, in a note below.}) 16. Bxf6 Rxf6 17. Qh5+ $14 {and xh7.}) 14... Kf7 $1 15. Bg5 $1 {Threatens xf6 then h5+.} Be7 $2 {Develops and defends f6 so Black can use the g-pawn against h5; but it's a target on the e-file.} (15... Qc7 $142 {prepares ...e8 and defends the 7th rank against sacs; e.g.} 16. Bxf6 {not the only move, but critical} (16. Rxf6+ $2 gxf6 17. Qh5+ Kg7 $2 (17... Kg8 $8 $19) 18. Bxf6+ $8 Kxf6 19. Qf3+ $11 {Black can't run to the e-file so White has a perp.}) 16... gxf6 17. Qh5+ Kg8 $8 18. Rae1 $36 h6 19. Rxf6 Rh7 $8 $13 {I would not enjoy this position as Black, though the SF and leela rate it about the same as the starting position!?}) 16. Qe2 $1 $18 Bd8 {[#]} 17. Bf4 $5 $16 (17. Re1 $1 $18 {is the Golizadeh-Dao game mentioned above.} Qc7 18. Rxf6+ $3 (18. Bxf6 {also wins, though (to me) the winning maneuvers are less natural.}) 18... Bxf6 19. Qe6+ $8 Kg6 20. Bxf6 $8 Qc8 $1 (20... gxf6 21. Re3 $8 $18) 21. Qe7 $8 gxf6 22. Re3 $8 Qe8 23. Qxd6 $1 Qd8 24. Rg3+ Kf7 25. Qe6+ $8 Kf8 26. d6 $8 Rc8 {Analysis Diagram [#]Critical Position f3 or g4 or does it matter?} 27. Rf3 $4 (27. Qg4 $142 {transposes into the game at move 29.}) 27... Kg7 $4 (27... Rc7 $8 $13 {adds a necessary defender by exploiting the pin to the back rank mate. The bad position of the h8 and exposed  compensate for the extra , and require both players to be accurate to avoid losing:} 28. Rxf6+ Kg7 29. h4 $1 Qxf6 (29... Rd7 $4 30. Rf3 $8 $18) 30. Qg4+ $8 Kf7 31. dxc7 Qe6 32. Qh5+ Ke7 33. Qc5+ $8 Kf7 $8 (33... Kd7 $4 34. Qd4+ $18) 34. Qh5+ $8 $11) 28. Rg3+ Kf8 29. Qg4 $1 {correcting his mistake at move 27.} Kf7 $1 30. Qg7+ Ke6 31. Re3+ Kxd6 32. Rd3+ Kc6 33. Rxd8 Rhxd8 34. Qxf6+ Kc7 35. Qf4+ Kb6 36. Qe3+ Kc7 37. h4 {1-0 Golizadeh,A (2481)-Dao,T (2520) Olympiad-39 Khanty-Mansiysk 2010 (11.4)}) 17... Qc8 18. Re1 Qd7 {[#]Critical Position} 19. Rxd6 $4 {Wins a pawn but allows Black to break the bind.} (19. Bxd6 $142 Re8 (19... Nxd5 $4 20. Qh5+ {wins the .}) 20. c4 $16 {White has a terrific bind and his center pawns are almost ready to roll. Importantly, unlike the game line, Black can't trade off the e6 due to the position of the  and .}) ({White can also win with a direct attack on the .} 19. g4 $142 $18 {and if ...h6 g4!.} Nxd5 20. Rxd6 $18) (19. Qd3 $142 $18 {threat: f5 and xf6+} Rf8 20. Bxd6 $18) 19... Qf5 $8 $15 20. Bg3 $2 (20. Qe6+ $6 Qxe6 21. dxe6+ Kg6 $17 22. e7 $2 Re8 $19) (20. g4 $1 Qxf4 (20... Qxg4+ 21. Qxg4 Nxg4 22. Rd7+ $13 {and takes b7.}) 21. Qe6+ $8 {Analysis Diagram [#]} Kg6 $8 (21... Kf8 $2 22. Rxd8+ $18) 22. Re4 $8 {the computer shows us even more very-hard-to-imagine tactics: the basic idea is to perpetual the , which has to stay in contact with f5.} Qf3 23. Re3 $8 Qd1+ 24. Kg2 $8 Qxc2 $8 {defending f5.} 25. Rd7 $1 {threat f7+} Rf8 $1 26. Re2 Qb1 27. Re1 $11 {perpetualing the .}) 20... Re8 $1 $19 21. Re6 Ba5 $1 {[#] connects the s and gains a tempo on e1.} 22. Rd1 Rxe6 23. dxe6+ Qxe6 24. Qf3 Re8 $1 {Gives the b7 pawn to simplify.} 25. Qxb7+ Re7 {[#]} 26. Qb3 {Saves the  and stops the back rank mate by pinning the e6, but Black's play shows why this endgame is hopeless.} Qxb3 27. axb3 Re2 28. Rc1 Ne4 29. Kf1 Rd2 30. Ra1 Bd8 31. Rxa6 Rxc2 32. Ra7+ Kg6 33. Be5 Bf6 34. Bxf6 Rxf2+ 35. Kg1 Rxf6 36. Rb7 Rc6 37. h3 Rc2 38. Rb4 Nf6 39. Rb6 Rxb2 40. b4 Kf7 41. Rb7+ Kg6 42. Rb6 h6 43. Kh2 Kh7 {[#] The  will hop over to attack the b-pawn until White can't save it, so White gives it up now but can't create any stalemate tricks.} 44. Rd6 Rxb4 45. Rd2 Rb3 46. Re2 Kg6 47. Ra2 h5 48. Rc2 Rd3 49. Re2 Kf5 50. Rf2+ Kg5 51. Re2 Rd5 52. Re7 g6 53. Re2 Rd3 54. Re5+ Kf4 55. Ra5 Rd2 56. Ra1 h4 57. Ra6 Kg5 58. Ra5+ Nd5 59. Kh1 Kh6 60. Ra4 Kh5 61. Ra5 g5 62. Ra3 Re2 63. Ra1 Ne3 64. Rg1 Rd2 65. g4+ hxg3 66. Rxg3 Rd1+ 0-1

[Event "Scarborough CC Winter Swiss"]
[Site "Toronto CAN"]
[Date "2025.04.10"]
[Round "7.5"]
[White "Mutyalapati, Modith Aaroh"]
[Black "Blakely, Matt"]
[Result "1-0"]
[Annotator "John Upper"]
[WhiteElo "2234"]
[BlackElo "2079"]
[WhiteFideId "-1"]
[BlackFideId "-1"]
[PlyCount "41"]
[Beauty "8249159715848"]
[GameId "2229566654419685"]
[EventDate "2025.02.13"]
[EventType "swiss"]
[EventRounds "7"]
[EventCountry "CAN"]
[SourceTitle "Chess Canada 25"]
[Source "JohnUpper?CFC"]
[SourceDate "2025.06.29"]
[SourceVersion "1"]
[SourceVersionDate "2026.07.01"]
[SourceQuality "1"]

1. e4 c5 2. Nf3 d6 3. d4 cxd4 4. Nxd4 Nf6 5. Nc3 a6 6. Bc4 {The Fischer-Sozin Attack (again)} Qc7 $5 {[#] The second choice of SF18. Its only plus is that it is much less common than ...e6 and ...b5, both of which score a little better. The downsides are that Black has to take extra care against sacs on e6 or b5, which gain speed with the extra hit on the c7 (see: Plotkin-Jaipreet, 2025 in this issue)} 7. Bb3 e6 8. O-O Be7 ({For} 8... Nbd7 $6 9. Bxe6 $1 {0-1 Plotkin,M (2352)-Singh Dhaliwal,J (2083) Toronto Hart House op 2025 (1) see:}) 9. Be3 O-O 10. f4 (10. g4 $5 {is almost never played, but it's the only move leela and SF18 rate as giving White even a small advantage.}) 10... b5 {[#]} 11. f5 {This is the classic Sozin strategy: attack e6 hard enough to force Black to play ...e5, weakening d5 and bringing the LSB into the game. However, practice showed that this is not enough to give White an advantage: pressure on e4 and queenside space are long-term pluses for Black. (see: Soltis-Dzindzi in the next note for an example).} (11. a3 {looks slow, but it secures the c3.} Nbd7 12. Bxe6 $2 {tempting, but bad. After} (12. f5 $142 e5 $13) 12... fxe6 13. Nxe6 Qc6 14. Nxf8 Bxf8 {White has  for , but Black has the B-pair and excellent play on the light squares. SF18 & leela both rates it as more than -2 for Black.}) 11... e5 (11... b4 $1 {kicking the  before ...e5 makes the d5 square available. The next sequence is accurate and simple enough to need no comment...} 12. Na4 e5 13. Ne2 Nbd7 14. Ng3 Bb7 $15 15. c3 a5 (15... Nxe4 $15) 16. Rc1 Qb8 ({SF18} 16... Bc6 $1 17. cxb4 axb4 18. Bd5 Ra6 19. Qc2 Qb8 $1 $15) 17. Qf3 Bc6 18. Rf2 $6 (18. cxb4 Bb5 19. bxa5 $1 $15) 18... Qb7 {Analysis Diagram [#] Model set-up for Black The computer finds no improvements for White since 11. f5 b4! that would significantly change the eval; and this is exactly the sort of position Black hopes for. Black's piece control over d5 and pressure on e4 have prevented White from using d5 or squashing Black with a kingside pawnstorm. Instead, White goes for c-file counterplay that Black mishandles.} 19. Rfc2 Nxe4 20. cxb4 Nc3 $3 $17 21. Qf2 Bxa4 22. Rxc3 Bxb3 23. Rc7 Qb5 24. axb3 axb4 $6 $15 (24... Bd8 $142 $17) 25. f6 $1 Bxf6 26. Nf5 $132 Ra6 27. Qg3 g6 28. Nh6+ Kg7 29. Ng4 $4 (29. Qh3 Rd8 $8 30. Nxf7 $11) 29... Bd8 $1 $19 {The game was eventually drawn after mutual blunders.} 30. Bh6+ Kg8 31. Bxf8 Bxc7 32. Be7 Rc6 33. Ra1 Qc5+ 34. Kf1 Ra6 35. Rd1 Qc2 36. Qf3 f5 37. Qd5+ Kg7 38. Ne3 Qc6 $4 (38... Qxb2 39. Qe6 Ra2 $19) 39. Qe6 $8 d5 40. Qxd5 Qxd5 41. Nxd5 Re6 $4 42. Bxb4 $18 {1/2 Soltis,A (2400)-Dzindzichashvili,R (2530) US Open-89 Boston 1988 SF says this is +5.5.}) 12. Nde2 Bb7 {[#]} (12... Ng4 $4 13. Nd5 $18) 13. Nd5 ({Here's a Fischer simul game, showing how a great player handles this position on autopilot -- principled positional chess -- removing the guards of d5 so he can occupy it with a minor piece. His simul opponent allows him to do that, and nearly equalizes anyway.} 13. Ng3 Nbd7 ({Here, and on the next few moves, the computer slightly prefers Black after} 13... b4 $1 {As above, the idea is to stop White occupying d5 with a minor piece.}) 14. Nh5 Nxh5 15. Qxh5 Nf6 16. Qf3 Rfd8 (16... b4 $142 17. Nd5 Nxd5 18. exd5 a5 $15) 17. Bg5 b4 $2 (17... d5 $1 $11) 18. Bxf6 $1 Bxf6 19. Nd5 Bxd5 20. Bxd5 $16 {Fischer Simul [#] Black allowed White to get everything he wanted: the kingside space and d5 give White the potential for a strong kingside attack, and Fischer shows how to to stop Black's attempts at queenside counterplay.} Rac8 21. Rf2 Qa7 22. Kh1 Qd4 23. Rb1 $1 {Saves the b-pawn.} Rc7 24. Re2 $1 {Frees the .} Rdc8 25. Qb3 a5 26. g3 Ra7 27. a3 $1 ({or} 27. c4 $1) ({or} 27. a4 $1) 27... Rb8 (27... bxa3 {looks like a better way to fight against a strategic squish, but SF18 rates it winning on either recapture.}) 28. a4 $1 {Ends all Black queenside play.} Rc8 29. Qf3 Rac7 30. Bb3 Rc6 31. Kg2 R8c7 32. h4 Rc8 33. Kh3 R8c7 {Bobby Fischer Diagram! [#] A Model Position for White Black missed a few chances to equalize and White now has a dream position against the Najdorf: good minor vs terrible DSB, mobile kingside pawns storm vs... nothing.  What could possibly go wrong...?} 34. Rg2 (34. Qg2 $142 $18 {and pushing the g-pawn.}) 34... h6 35. g4 $4 {Strategically correct, but...} (35. Rd1 $142 Qa7 (35... Qxb2 $2 36. c4 $1 $18 {traps the .}) 36. g4 $18 Rc3 {doesn't work now that White can block} 37. bxc3 Rxc3 38. Rd3 $18) 35... Rc3 $8 $19 {Random tactics trump great strategy.} 36. bxc3 Rxc3 37. Qxc3 Qxc3+ 38. Rg3 Qd2 $8 (38... Qc6 39. g5 $13) 39. Rbg1 Qe2 (39... Bxh4 $3) 40. Bd5 Kf8 41. R3g2 Qf3+ 42. Rg3 Qe2 {1/2 Fischer,R-Sacks,A Fischer tour sim Hollywood 1964}) 13... Nxd5 14. exd5 Nd7 15. Ng3 Rfc8 16. Ne4 {[#]Critical Position White might try to launch an attack with f5-f6. What should Black do: block with ....f6 or ...f6,  anticipate it with ...f8,  ignore it and go for queenside play with ...a5?} Bf8 $4 (16... Nf6 $1 17. Nxf6+ Bxf6 $13) (16... f6 $2 17. Rf3 $1 $16 {and major piece attacks on g7 or h7. Black can defend only one kingside pawn with a minor piece on f8, and White has two minor pieces ready to sac.}) (16... a5 $5 17. a4 $1 $13 (17. f6 $2 {doesn't work, but it's not trivial:} Nxf6 18. Nxf6+ Bxf6 19. Rxf6 a4 $1 $15 {and Black ends up with a better pawn structure; e.g.} 20. Qg4 $5 axb3 21. Bh6 g6 22. cxb3 Bxd5 $15) 17... bxa4 18. Rxa4 {Analysis Diagram [#]  The a4 is ready to swing the  to the kingside; in fact, if it was White's move now then f5-f6 would win. Here is one go-for-broke line with best play and a few illustrative blunders:} Ba6 19. f6 $5 Bxf1 $8 20. fxe7 $8 Bb5 $8 21. Qh5 $1 {Analysis Diagram [#]} g6 (21... Bxa4 $4 22. Ng5 $18) (21... h6 $2 22. Bxh6 $1 gxh6 23. Qxh6 Bxa4 24. Ng5 Qc5+ 25. Kh1 $8 Qxc2 $3 26. Bxc2 Bxc2 $16) (21... Re8 22. Ng5 $8 Nf6 23. Qxf7+ Kh8 24. Rh4 Qxe7 $8 25. c4 Bd7 26. Qg6 Kg8 $1 27. Nxh7 Qf7 $8 $13 {with continuing excitement.}) 22. Qh4 (22. Qh6 $5 Bxa4 23. Bg5 $2 {is one move too slow} (23. Bxa4 $1 $13 Qc4 $8 24. Qh4 $8 $13) 23... Qb6+ 24. Kf1 (24. Kh1 Qd4 $19 {the back rank and loose e4 end White's attack.}) 24... Bb5+ 25. c4 Rxc4 $8 $19 {cool.}) 22... f5 (22... Bxa4 $4 23. Nf6+ Nxf6 24. Qxf6 $18 {and h6 mates}) 23. Nf6+ Nxf6 24. Qxf6 Re8 $13 (24... f4 $2 25. Rxf4 $1 $18) 25. Qe6+ Kg7 26. Bg5 Bxa4 27. Qf6+ Kg8 28. Qe6+ $11) 17. f6 $1 $16 {[#]} (17. Qh5 $1 $18 {and f3-h3}) 17... Nxf6 $2 {This lets White win in Puzzle Rush style.} (17... g6 $142 {is more tenacious, but perilously close to lost. White can continue with h4-h5, or arrange pieces with g4-h4, h6, ad1 when there is only darkness in Black's future.}) 18. Rxf6 $1 gxf6 19. Nxf6+ Kg7 (19... Kh8 20. Qh5 h6 21. Bxh6 {#2.}) 20. Qg4+ Kxf6 21. Qg5# 1-0